Biology of the invertebrates
Gardado en:
| Autor Principal: | |
|---|---|
| Formato: | Libro |
| Publicado: |
McGraw-Hill, Higher Education
2005
|
| Các nhãn: |
Engadir etiqueta
Sen Etiquetas, Sexa o primeiro en etiquetar este rexistro!
|
| Thư viện lưu trữ: | Mạng thư viện Đại học Đà Nẵng |
|---|
| LEADER | 00557nam a2200229 a 4500 | ||
|---|---|---|---|
| 001 | 000030104 | ||
| 003 | 25081 | ||
| 005 | 20171030145630.0 | ||
| 008 | 171030s2005 | ||
| 040 | |a LTT | ||
| 082 | 0 | |a 592 |b PE-J | |
| 100 | 1 | |a Pechenik, Jan A | |
| 245 | 0 | 0 | |a Biology of the invertebrates |c Jan A. Pechenik. |
| 260 | |b McGraw-Hill, Higher Education |c 2005 | ||
| 500 | |a SABRES | ||
| OWN | |a LTT | ||
| 999 | |a From the UDN01 | ||
| TYP | |a Monograph | ||
| TYP | |a Printed language | ||
| 980 | |a Mạng thư viện Đại học Đà Nẵng | ||